Bandiere Nazionali con il Blu Rimosse - Statistics

Statistiche generali
  • Questo quiz è stato fatto 4.547 volte
  • Il punteggio medio è 13 su 16
Statistiche sulle risposte
con Immagini Risposta % Corretto
Stati Uniti
96%
Corea del Sud
95%
Svezia
95%
Ucraina
92%
Australia
90%
Corea del Nord
90%
Malesia
90%
Romania | Ciad
87%
Uruguay
86%
Filippine
83%
Islanda
83%
Francia
81%
Bosnia ed Erzegovina
80%
Panama
79%
Repubblica Democratica del Congo
74%
Cile
31%
Nessun quiz corrispondente trovato
Distribuzione punteggi
Percentuale di utenti per punteggio
Percentile per numero di risposta
I tuoi punteggi nel tempo
Non hai fatto questo quiz